00401nam a22001337a 4500003000400000005001700004008004100021040002100062082002100083100003600104245001900140260009000159300001800249OSt20221021195522.0221021b |||||||| |||| 00| 0 eng d cBiblioteca LadoV a700.74bD885bien aDumani, Alexiaecoordinación  aBienarte 2005/ aCosta RicabGalería Nacional, Centro Costarricense de la Ciencia y la Culturac2005 a71p.c23x23cm